00337nam a2200145Ia 45000030006000000080041000060400015000471000015000622450019000772500006000962600052001023000006001545460014001600050017001740STCL150530s9999 xx 000 0 und d aSTCLcSTCL aPaul, M.P. aKaavyadarsanam a3 bSahithya Pravarthaka Co Operative Societyc1975 a0 aMalayalam20220125171722.0